000 00334nam a2200133 i 4500
001 bg
100 1 _aSROCZYŃSKI, Aleksander
245 0 _aĆwiczenia z geometrii wykreślnej /
_cAleksander Sroczyński.
260 _aBydgoszcz,
_c1978.
040 _cBPK
041 _apol
942 _cKS
008 s pl f |000 0 pol
999 _c18429
_d18429
856 _uhttp://koha.tu.koszalin.pl/cgi-bin/koha/opac-detail.pl?biblionumber=18429
_yKatalog online BPK